Gminy w powiecie Leskim - Statystyki

Ogólne statystyki
  • Ten quiz został rozwiązany 41 razy
  • Średni wynik to 4 z 5
Statystyki odpowiedzi
Rodzaj Gmina % Poprawnych
Miejsko-wiejska Lesko
93%
Wiejska Solina
81%
Wiejska Cisna
70%
Wiejska Olszanica
70%
Wiejska Baligród
63%
Nie znaleziono quizów pasujących do podanych kryteriów
Rozkład punktacji
Procent ludzi z każdym wynikiem
Percentyl według liczby udzielonych odpowiedzi
Twoja historia wyników
Nie rozwiązałeś tego quizu